| 000 | 00583nam a22002057a 4500 | ||
|---|---|---|---|
| 003 | OSt | ||
| 005 | 20140310184503.0 | ||
| 008 | 131012t xxu||||| |||| 00| 0 eng d | ||
| 020 | _a0590397710 | ||
| 050 |
_aAG 195 _b.C776 1997 |
||
| 100 |
_aCooper, John _921909 |
||
| 245 |
_a1000 questions and answers / _cJohn Cooper. |
||
| 260 |
_aUSA : _bScholastic Inc., _cc1997. |
||
| 300 |
_a192 p. : _bcol. ill. ; _c30 cm. |
||
| 526 | _c890 | ||
| 650 |
_aChildren’s questions and answers _921141 |
||
| 650 |
_aQuestions and answers. _94945 |
||
| 942 |
_2lcc _cBK-SCHOLAS |
||
| 999 |
_c34758 _d34758 |
||